[Event "Anapa Rapid op"]
[Site "Anapa"]
[Date "2023.10.04"]
[Round "6"]
[White "Muromtsev, Arthur"]
[Black "Yatchenko, Leonid"]
[Result "1-0"]
[WhiteElo "2031"]
[BlackElo "2042"]
[PlyCount "189"]
[EventDate "2023.10.03"]
[EventType "swiss (rapid)"]
[EventRounds "11"]
[EventCountry "RUS"]
[SourceTitle "CBM 216 Extra"]
[Source "ChessBase"]
[SourceDate "2023.11.30"]
[SourceVersion "1"]
[SourceVersionDate "2023.11.30"]
[SourceQuality "1"]

1. e4 c6 2. d4 d5 3. e5 Bf5 4. h4 h5 5. Bg5 Qb6 6. Bd3 Bxd3 7. Qxd3 e6 8. Nd2 c5 9. c4 Nc6 10. Ngf3 cxd4 11. 0-0 Nge7 12. a3 Qc7 13. Rfe1 dxc4 14. Nxc4 Nf5 15. Rac1 Be7 16. b4 a6 17. Na5 Bxg5 18. Nxg5 0-0 19. Qe4 Rfd8 20. Nxc6 bxc6 21. Red1 Rd5 22. Nf3 Rad8 23. Rd3 a5 24. bxa5 c5 25. a6 c4 26. a7 c3 27. Nxd4 Nxd4 28. Rxd4 Rxd4 29. a8Q Rxa8 30. Qxa8+ Kh7 31. Qf3 c2 32. Qxh5+ Kg8 33. Qe2 Rc4 34. g3 Rc3 35. a4 Qc6 36. a5 Qa4 37. a6 Qa2 38. Kh2 Rc8 39. a7 Qxa7 40. Rxc2 Rxc2 41. Qxc2 Qd4 42. Qe2 g6 43. Kg2 Qd5+ 44. Kh2 Qd4 45. Qe3 Qd5 46. h5 gxh5 47. Qg5+ Kf8 48. Qxh5 Qd2 49. Qh8+ Ke7 50. Qf6+ Ke8 51. g4 Qd3 52. Qh8+ Ke7 53. Qf6+ Ke8 54. Qf4 Qh7+ 55. Kg3 Qh1 56. Qf3 Qg1+ 57. Qg2 Qe1 58. Qa8+ Ke7 59. Qa3+ Ke8 60. Qe3 Qg1+ 61. Kf4 Qb1 62. f3 Qc2 63. Qe4 Qc1+ 64. Kg3 Qg1+ 65. Kf4 Qc1+ 66. Kg3 Qg1+ 67. Kf4 Qc1+ 68. Qe3 Qc2 69. Qe4 Qc1+ 70. Kg3 Qg1+ 71. Kh4 Qh2+ 72. Kg5 Qd2+ 73. f4 Qh2 74. f5 exf5 75. gxf5 Qd2+ 76. Qf4 Qd8+ 77. Kh6 Qd3 78. Qa4+ Ke7 79. Qa7+ Ke8 80. Qb8+ Kd7 81. Qb7+ Kd8 82. Qxf7 Qe3+ 83. Kg6 Qg3+ 84. Kf6 Qh4+ 85. Kg7 Qg3+ 86. Qg6 Qc3 87. Qf6+ Ke8 88. Qe6+ Kd8 89. Qd6+ Ke8 90. Qb8+ Kd7 91. Qd6+ Ke8 92. Qf8+ Kd7 93. Qf7+ Kd8 94. Qf6+ Kd7 95. e6+ 1-0

[Event "Titled Tuesday intern op 03rd Oct Late"]
[Site "Chess.com INT"]
[Date "2023.10.03"]
[Round "7"]
[White "Centron Antuna, Daniel"]
[Black "Muromtsev, Arthur"]
[Result "1-0"]
[WhiteElo "2277"]
[BlackElo "2031"]
[PlyCount "91"]
[EventDate "2023.10.03"]
[EventType "swiss (blitz)"]
[EventRounds "11"]
[EventCountry "USA"]
[SourceTitle "EXT 2025"]
[Source "ChessBase"]
[SourceDate "2024.10.14"]
[SourceVersion "1"]
[SourceVersionDate "2024.10.14"]
[SourceQuality "1"]

1. d4 Nf6 2. Nc3 d5 3. Bg5 Nbd7 4. Qd3 g6 5. e4 dxe4 6. Nxe4 Bg7 7. 0-0-0 0-0 8. h4 b6 9. h5 Bb7 10. hxg6 Bxe4 11. gxf7+ Rxf7 12. Qh3 Bg6 13. Bc4 Qf8 14. f4 Re8 15. f5 Bh5 16. Re1 c6 17. Be6 Bh6 18. Bxf7+ Kxf7 19. Nf3 Qg7 20. Qh4 Rg8 21. Bxh6 Qxh6+ 22. Kb1 Rg4 23. Qh3 Kf8 24. Re6 Qg7 25. a3 Rxg2 26. Ne5 Be8 27. Nxc6 h5 28. Rxe7 Rg1+ 29. Re1 Rxh1 30. Qxh1 Qg4 31. Ne5 Qxd4 32. Nxd7+ Qxd7 33. Qh4 Qf7 34. Qg5 Bd7 35. Rg1 Ng4 36. f6 Be6 37. Rf1 Ba2+ 38. Ka1 Bc4 39. Rf4 Be6 40. Rd4 Qc7 41. c3 a6 42. a4 b5 43. axb5 Qa5+ 44. Kb1 Qa2+ 45. Kc1 Qa1+ 46. Kc2 1-0

[Event "Titled Tuesday intern op 03rd Oct Late"]
[Site "Chess.com INT"]
[Date "2023.10.03"]
[Round "9"]
[White "Mikhalsky, Vladimir"]
[Black "Muromtsev, Arthur"]
[Result "1-0"]
[WhiteElo "2219"]
[BlackElo "2031"]
[PlyCount "97"]
[EventDate "2023.10.03"]
[EventType "swiss (blitz)"]
[EventRounds "11"]
[EventCountry "USA"]
[SourceTitle "EXT 2025"]
[Source "ChessBase"]
[SourceDate "2024.10.14"]
[SourceVersion "1"]
[SourceVersionDate "2024.10.14"]
[SourceQuality "1"]

1. d4 Nf6 2. c4 c5 3. d5 g6 4. Nc3 Bg7 5. e4 d6 6. Bd3 0-0 7. Nge2 e6 8. 0-0 a6 9. a4 exd5 10. cxd5 Ng4 11. h3 Ne5 12. Bc2 f5 13. f4 Nf7 14. exf5 Bxf5 15. Bxf5 gxf5 16. Ng3 Bd4+ 17. Kh1 Nh8 18. Qh5 Qf6 19. Nce2 Nd7 20. Nxd4 cxd4 21. b4 Rac8 22. Bb2 Rc2 23. Rab1 Ng6 24. Qd1 Rfc8 25. Bxd4 Qf7 26. Rb2 R2c4 27. Qd3 Nh4 28. Bf2 Rxf4 29. Ne2 Ne5 30. Qd1 Re4 31. Nd4 Qg6 32. Bxh4 Rxh4 33. Nxf5 Qg5 34. Nxh4 Qxh4 35. Rc2 Re8 36. Qe1 Qh5 37. Qg3+ Kh8 38. Rcf2 Ng6 39. Qc3+ Kg8 40. Qf6 Qxd5 41. Qf3 Qe6 42. Qxb7 d5 43. Qf7+ Qxf7 44. Rxf7 d4 45. Rd7 Re4 46. b5 axb5 47. axb5 Re5 48. Rb1 Re8 49. b6 1-0

[Event "Titled Tuesday intern op 03rd Oct Late"]
[Site "Chess.com INT"]
[Date "2023.10.03"]
[Round "6"]
[White "Muromtsev, Arthur"]
[Black "Toniutti, Ezio"]
[Result "0-1"]
[WhiteElo "2031"]
[BlackElo "2184"]
[PlyCount "70"]
[EventDate "2023.10.03"]
[EventType "swiss (blitz)"]
[EventRounds "11"]
[EventCountry "USA"]
[SourceTitle "EXT 2025"]
[Source "ChessBase"]
[SourceDate "2024.10.14"]
[SourceVersion "1"]
[SourceVersionDate "2024.10.14"]
[SourceQuality "1"]

1. e4 e5 2. Nc3 Nf6 3. g3 d5 4. exd5 Nxd5 5. Bg2 Nxc3 6. bxc3 Nc6 7. Nf3 Bc5 8. 0-0 0-0 9. d3 Bb6 10. Re1 Bg4 11. Qe2 f5 12. h3 Bh5 13. Be3 Qf6 14. Bxb6 axb6 15. Qe3 f4 16. gxf4 exf4 17. Qe4 Ra3 18. c4 Kh8 19. Ne5 f3 20. Bxf3 Ra5 21. Ng4 Bxg4 22. hxg4 Re5 23. g5 Qxf3 24. Qxf3 Rxf3 25. Rxe5 Nxe5 26. Re1 Rf5 27. Re3 Rxg5+ 28. Kf1 Rf5 29. f4 Rxf4+ 30. Ke1 Rf5 31. d4 Ng6 32. a4 h5 33. Kd2 h4 34. Re4 Rh5 35. Ke2 h3 0-1

[Event "Titled Tuesday intern op 12th Sep Late"]
[Site "Chess.com INT"]
[Date "2023.09.12"]
[Round "11"]
[White "Colpe, Malte"]
[Black "Muromtsev, Arthur"]
[Result "0-1"]
[WhiteElo "2386"]
[BlackElo "2031"]
[PlyCount "72"]
[EventDate "2023.09.12"]
[EventType "swiss (blitz)"]
[EventRounds "11"]
[EventCountry "USA"]
[SourceTitle "EXT 2024"]
[Source "ChessBase"]
[SourceDate "2023.10.10"]
[SourceVersion "1"]
[SourceVersionDate "2023.10.10"]
[SourceQuality "1"]

1. c4 e5 2. Nc3 Bb4 3. g3 Bxc3 4. dxc3 d6 5. Bg2 Nc6 6. e4 Nge7 7. Ne2 0-0 8. 0-0 Be6 9. b3 Qd7 10. f4 f5 11. fxe5 Nxe5 12. Nd4 fxe4 13. Nxe6 Qxe6 14. Bxe4 Rxf1+ 15. Qxf1 Rf8 16. Qg2 Ng4 17. Bf4 g5 18. h3 gxf4 19. hxg4 f3 20. Qc2 Qxg4 21. Kf2 Qh3 22. Re1 Qh2+ 23. Ke3 f2 24. Rf1 Qxg3+ 25. Ke2 Qg4+ 26. Kd2 Qf4+ 27. Kd1 d5 28. cxd5 Nf5 29. Bxf5 Rxf5 30. c4 Qd4+ 31. Qd2 Qa1+ 32. Qc1 Qxa2 33. Qe3 Qa1+ 34. Ke2 Qb2+ 35. Kd1 Qb1+ 36. Ke2 Qc2+ 0-1

[Event "Titled Tuesday intern op 12th Sep Late"]
[Site "Chess.com INT"]
[Date "2023.09.12"]
[Round "8"]
[White "Kucza, Karol"]
[Black "Muromtsev, Arthur"]
[Result "1-0"]
[WhiteElo "2343"]
[BlackElo "2031"]
[PlyCount "81"]
[EventDate "2023.09.12"]
[EventType "swiss (blitz)"]
[EventRounds "11"]
[EventCountry "USA"]
[SourceTitle "EXT 2024"]
[Source "ChessBase"]
[SourceDate "2023.10.10"]
[SourceVersion "1"]
[SourceVersionDate "2023.10.10"]
[SourceQuality "1"]

1. e4 e5 2. Nf3 Nc6 3. Bb5 Nge7 4. Nc3 Ng6 5. h4 Bd6 6. h5 Nf4 7. g3 Ne6 8. h6 g6 9. Bc4 Ncd4 10. Nxd4 exd4 11. Ne2 c5 12. d3 b5 13. Bd5 Rb8 14. f4 Bb7 15. Bxb7 Rxb7 16. Kf2 f5 17. exf5 gxf5 18. Ng1 0-0 19. Bd2 c4 20. Qf3 Qb6 21. Qd5 Rc7 22. Nf3 Rc5 23. dxc4 Rxd5 24. cxd5 d3+ 25. Be3 Bc5 26. Rhe1 Bxe3+ 27. Rxe3 Nd4 28. Nxd4 Qxd4 29. Rd1 Qxb2 30. Rdxd3 Qxc2+ 31. Kf3 Qxa2 32. Re7 b4 33. Rxd7 b3 34. Re3 b2 35. Ree7 Qb3+ 36. Kg2 Qxd5+ 37. Rxd5 b1Q 38. Rdd7 Qc2+ 39. Kh3 Rf6 40. Rg7+ Kf8 41. Rd8# 1-0

[Event "Titled Tuesday intern op 12th Sep Late"]
[Site "Chess.com INT"]
[Date "2023.09.12"]
[Round "7"]
[White "Van Baar, Esper"]
[Black "Muromtsev, Arthur"]
[Result "0-1"]
[WhiteElo "2176"]
[BlackElo "2031"]
[PlyCount "72"]
[EventDate "2023.09.12"]
[EventType "swiss (blitz)"]
[EventRounds "11"]
[EventCountry "USA"]
[SourceTitle "EXT 2024"]
[Source "ChessBase"]
[SourceDate "2023.10.10"]
[SourceVersion "1"]
[SourceVersionDate "2023.10.10"]
[SourceQuality "1"]

1. e4 e5 2. Nf3 Nc6 3. Bc4 Nf6 4. d3 Bc5 5. 0-0 a6 6. a4 Ba7 7. Re1 d6 8. c3 h6 9. Be3 Bxe3 10. Rxe3 0-0 11. d4 Nxe4 12. Rxe4 d5 13. Re1 dxc4 14. Nxe5 Nxe5 15. Rxe5 f6 16. Re1 Bf5 17. Nd2 b5 18. Qf3 Bd3 19. Qc6 Rb8 20. axb5 axb5 21. Ra7 Rf7 22. Ne4 Kh7 23. Nc5 Rb6 24. Qe8 Qxe8 25. Rxe8 b4 26. h4 bxc3 27. bxc3 Kg6 28. g4 h5 29. gxh5+ Kxh5 30. Rh8+ Kg4 31. Na6 Kf3 32. Rxc7 Rb1+ 33. Kh2 Rxc7 34. Nxc7 Kxf2 35. Kh3 Bf5+ 36. Kh2 Be4 0-1